000 00527cam a2200181 4500500
005 20260329002656.0
041 _afre
042 _adc
100 1 0 _aMathieu, Rémi
_eauthor
245 0 0 _aL’art chinois de la guerre
260 _c2013.
500 _a5
690 _aChine
690 _astratégie
690 _aSun Tzu
786 0 _nPhilosophie magazine | 67 | 3 | 2013-03-01 | p. 41-42 | 1951-1787
856 4 1 _uhttps://shs.cairn.info/magazine-philosophie-magazine-2013-3-page-41?lang=fr&redirect-ssocas=7080
999 _c1817291
_d1817291